banner koha

Crise global dos alimentos (Registro n. 337372)

MARC details
000 -LÍDER
fixed length control field 00990nab a2200313 4500
003 - CÓDIGO MARC DA AGÊNCIA CATALOGADORA
Campo de controle BR-BrBNA
005 - DATA E HORA DA ÚLTIMA ATUALIZAÇÃO
Campo de controle 20250729230305.0
008 - CAMPO DE TAMANHO FIXO
fixed length control field 250729b bl.||||| |||| 00| 0 por d
040 ## - FONTE DA CATALOGAÇÃO
Agência catalogadora BR-BrBNA
Idioma da catalogação por
072 ## - CATEGORIA AGRIS
Código AGRIS E16 ; S01 ; Q03 ; E10 ; F30 ; E70
100 ## - ENTRADA PRINCIPAL - NOME PESSOAL
Nome pessoal Cilo, Hugo
245 ## - TÍTULO PRINCIPAL
Título principal Crise global dos alimentos
Subtítulo Agroeconomia
500 ## - NOTA GERAL
Nota geral 4 illus.
942 ## - ADDED ENTRY ELEMENTS (KOHA)
Koha item type Analítica
650 ## - ASSUNTO - THESAGRO
Cabeçalho tópico ou nome geográfico PRODUTO AGROPECUÁRIO
650 ## - ASSUNTO - THESAGRO
Cabeçalho tópico ou nome geográfico ALIMENTO
650 ## - ASSUNTO - THESAGRO
Cabeçalho tópico ou nome geográfico CUSTO DE PRODUÇÃO
650 ## - ASSUNTO - THESAGRO
Cabeçalho tópico ou nome geográfico PRODUTIVIDADE
650 ## - ASSUNTO - THESAGRO
Cabeçalho tópico ou nome geográfico DESPERDÍCIO
650 ## - ASSUNTO - THESAGRO
Cabeçalho tópico ou nome geográfico PREÇO INTERNACIONAL
650 ## - ASSUNTO - THESAGRO
Cabeçalho tópico ou nome geográfico DEMANDA EXTERNA
650 ## - ASSUNTO - THESAGRO
Cabeçalho tópico ou nome geográfico MUDANÇA CLIMÁTICA
650 ## - ASSUNTO - THESAGRO
Cabeçalho tópico ou nome geográfico POPULAÇÃO HUMANA
650 ## - ASSUNTO - THESAGRO
Cabeçalho tópico ou nome geográfico CURVA DE CRESCIMENTO
650 ## - ASSUNTO - THESAGRO
Cabeçalho tópico ou nome geográfico POBREZA
650 ## - ASSUNTO - THESAGRO
Cabeçalho tópico ou nome geográfico TRANSGENIA
773 0# - ENTRADA ANALÍTICA
Host Biblionumber 1706
Registro do item 347985
Imprenta São Paulo-SP Editora Três Ltda - E-mail: luizfsa@revistadinheiro.com.br 2004
Outro identificador 2025-0482
Título Dinheiro Rural (Brazil)
ISSN 1807-3700
Colação v. 7(78) p. 22-25; (Apr 2011)
Número de controle de registro BR2025001933

Nenhum exemplar disponível.

BINAGRI

Telefone: (61)3218-2567/2388/3357/2097 - binagri@agro.gov.br

Ministério da Agricultura e Pecuária , Esplanada dos Ministérios, Bloco D, Anexo B, Brasília/DF, CEP: 70.043-900